| 000 | 00976nam a22002171a 4500 | ||
|---|---|---|---|
| 001 | 18415 | ||
| 003 | OSt | ||
| 005 | 20260204212404.0 | ||
| 008 | 171120s2017||||dr ||||||b||||||||||spa|| | ||
| 090 | _aEDU-CS 2017 V45 | ||
| 100 | 1 |
_aVillafaña Galán,Luis David _esustentante |
|
| 245 | 1 | _aAplicaciones tecnológicas en las pruebas nacionales en el Liceo Francisco Henríquez y Carvajal/Luis David Villafaña Galán, Grismeldy María Carrasco Infante y Vicente Miguel Vicioso Arias | |
| 260 |
_aCotuí, República Dominicana : _bUTECO, _c2017 |
||
| 300 |
_a62 hojas : _bIlustraciones ; _c28cm. |
||
| 502 | _aTesis (Licenciatura en Educación, Mención Ciencias Sociales) | ||
| 650 | 4 | _aAplicaciones tecnológicas en las pruebas nacionales | |
| 700 | 1 |
_a Carrasco Infante, Grismeldy María _esustentante |
|
| 700 | 1 |
_a Vicioso Arias, Vicente Miguel _esustentante |
|
| 830 | _aTesis y disertaciones académicas (Universidad Tecnológica del Cibao Oriental) | ||
| 942 |
_2LC _cTH |
||
| 999 |
_c18415 _d18415 |
||